<?xml version="1.0" encoding="UTF-8"?>
<record
    xmlns:xsi="http://www.w3.org/2001/XMLSchema-instance"
    xsi:schemaLocation="http://www.loc.gov/MARC21/slim http://www.loc.gov/standards/marcxml/schema/MARC21slim.xsd"
    xmlns="http://www.loc.gov/MARC21/slim">

  <leader>01409nam a22001457a 4500</leader>
  <controlfield tag="008">191203b        xxu||||| |||| 00| 0 eng d</controlfield>
  <datafield tag="020" ind1=" " ind2=" ">
    <subfield code="a">9789872776176</subfield>
  </datafield>
  <datafield tag="082" ind1=" " ind2=" ">
    <subfield code="a">370.1 </subfield>
    <subfield code="b">B244c</subfield>
  </datafield>
  <datafield tag="100" ind1=" " ind2=" ">
    <subfield code="a">Barcos, Julio Ricardo</subfield>
    <subfield code="9">7262</subfield>
  </datafield>
  <datafield tag="245" ind1=" " ind2=" ">
    <subfield code="a">C&#xF3;mo educa el Estado a tu hijo y otros escritos</subfield>
  </datafield>
  <datafield tag="260" ind1=" " ind2=" ">
    <subfield code="a">Argentina</subfield>
    <subfield code="b">UNIPE: Editorial Universitaria</subfield>
    <subfield code="c">2013</subfield>
  </datafield>
  <datafield tag="300" ind1=" " ind2=" ">
    <subfield code="a">280 p.</subfield>
    <subfield code="c">24 x 16 cm.</subfield>
  </datafield>
  <datafield tag="505" ind1=" " ind2=" ">
    <subfield code="t">Abreviaturas.</subfield>
    <subfield code="t">Presentaci&#xF3;n: Julio R. Barcos: Derivas de un Pedagogo Intempestivo.</subfield>
    <subfield code="r">Nicol&#xE1;s Arata.</subfield>
    <subfield code="t">C&#xF3;mo Educa el Estado a tu hijo. </subfield>
    <subfield code="t">Pr&#xF3;logo. &#xA1;Forja a tu hijo!</subfield>
    <subfield code="r">Alberto Masferrer. </subfield>
    <subfield code="t">Dedicatoria</subfield>
    <subfield code="t">Cap&#xED;tulo I. Aspecto pol&#xED;tico del problema educativo. </subfield>
    <subfield code="t">Cap&#xED;tulo II. Aspecto psicol&#xF3;gico de la educaci&#xF3;n. &#xBF;Cu&#xE1;les son los derechos del ni&#xF1;o?</subfield>
    <subfield code="t">Cap&#xED;tulo III. El Estado es todo... el Pueblo no es nada. </subfield>
    <subfield code="t">Cap&#xED;tulo IV. El Estado contra la libertad de ense&#xF1;anza. </subfield>
    <subfield code="t">Cap&#xED;tulo V. Sin cultura libre no hay car&#xE1;cter nacional.</subfield>
    <subfield code="t">Cap&#xED;tulo VI. Un sistema criminal de educaci&#xF3;n. </subfield>
    <subfield code="t">Cap&#xED;tulo VII. La escuela falsea el concepto de los valores personales. </subfield>
    <subfield code="t">Cap&#xED;tulo VIII. La escuela sin amos. </subfield>
    <subfield code="t">Cap&#xED;tulo IX. La educaci&#xF3;n prostituida por el sentimiento de clase. </subfield>
    <subfield code="t">Cap&#xED;tulo X. Nuestras universidades son escuelas de mandarines. </subfield>
    <subfield code="t">Cap&#xED;tulo XI. Educaci&#xF3;n y tradici&#xF3;n. </subfield>
    <subfield code="t">Cap&#xED;tulo XII. El remedio.</subfield>
  </datafield>
  <datafield tag="650" ind1=" " ind2=" ">
    <subfield code="2">Educaci&#xF3;n y estado</subfield>
    <subfield code="v">Educaci&#xF3;n</subfield>
    <subfield code="v">Pol&#xED;tica</subfield>
    <subfield code="x">Educaci&#xF3;n - aspectos pol&#xED;ticos </subfield>
    <subfield code="x">Ensayos</subfield>
    <subfield code="z">Argentina</subfield>
    <subfield code="9">7263</subfield>
  </datafield>
  <datafield tag="999" ind1=" " ind2=" ">
    <subfield code="c">1881</subfield>
    <subfield code="d">1881</subfield>
  </datafield>
  <datafield tag="952" ind1=" " ind2=" ">
    <subfield code="0">0</subfield>
    <subfield code="1">0</subfield>
    <subfield code="2">ddc</subfield>
    <subfield code="4">0</subfield>
    <subfield code="7">0</subfield>
    <subfield code="a">LV</subfield>
    <subfield code="b">LV</subfield>
    <subfield code="c">Pensamiento</subfield>
    <subfield code="d">2019-12-03</subfield>
    <subfield code="l">0</subfield>
    <subfield code="o">370.1  B244c</subfield>
    <subfield code="p">004899</subfield>
    <subfield code="r">2019-12-03 00:00:00</subfield>
    <subfield code="w">2019-12-03</subfield>
    <subfield code="y">01</subfield>
  </datafield>
</record>
